| 000 | 00512nam a2200169Ia 4500 | ||
|---|---|---|---|
| 999 |
_c11559 _d11559 |
||
| 003 | OSt | ||
| 005 | 20201030110011.0 | ||
| 008 | 190216s9999||||xx |||||||||||||| ||und|| | ||
| 040 | _coclc | ||
| 082 |
_a891.4 _bTAG/K |
||
| 100 | 1 |
_aTagore, Rabindranath _938 _d1861-1941 |
|
| 245 | 4 |
_aThe King Of The Dark Chamber / _cRabindranath Tagore |
|
| 260 |
_bMacmillan And Co Limited, _c1961. _aLondon: |
||
| 300 | _a200p | ||
| 650 | _aEnglish Drama | ||
| 942 |
_cBK _2ddc _h891.4 _iTAG/K _k891.4 _mTAG/K |
||